| 000 | 00528nam a22001817a 4500 | ||
|---|---|---|---|
| 003 | CEME | ||
| 005 | 20210628205044.0 | ||
| 008 | 210128b xxu||||| |||| 00| 0 eng d | ||
| 020 | _a81-203-0716-X | ||
| 040 | _c. | ||
| 082 | _a621.402 RAJ | ||
| 100 |
_aSharma, Ashok:Sharma, C.P:Rajan, T.V _973672 |
||
| 245 | _aHeat treatment;principles and techniques | ||
| 260 |
_aNEW DELHI _bPRENTICE HALL OF INDIA _c2001 |
||
| 300 | _aXIV,459P | ||
| 650 |
_aHEAT TREATMENT OF STEEL.HEAT TREATMENT PRINCIPLES. _973673 |
||
| 942 |
_cBK _2ddc |
||
| 999 |
_c579327 _d579327 |
||